000 00928nam a22003377a 4500
001 BR8704096
003 BR-BrBNA
005 20230928092649.0
007 ta
008 230509b bl.||||| |||| 00| 0 por d
040 _aBR-BrBNA
_bpor
_cBiblioteca Nacional de Agricultura
041 _a(Por)
072 _aE14
_b0150
_b0170
_b2120
090 _ 0150 BR8704096
100 1 _aLuis, A.C. de S.
110 1 _aFundacao Salim Farah Maluf, Sao Paulo, SP (Brasil)
_95025
245 1 _aO desafio agricola no Brasil e a Fundacao Salim Farah Maluf
260 3 _aSao Paulo, SP (Brasil):
_c[nd].
300 _a32 p.
500 _aPublished after 1983; 8 illus.
650 _aIRRIGACAO
650 _aSOLO
650 _aDRENAGEM
650 _aFERTILIZANTE
650 _aARROZ SEQUEIRO
650 _aSORGO
650 _aCAFE
650 _aDESENVOLVIMENTO AGRICOLA
909 _a202309
_bLucia
_c55
_dLucia Elande
942 _cBK
999 _c40470
_d40470